K niektorým problémom ekonomického vývoja v tranzitívnych ekonomikách

Tempo hospodárskeho rastu, rastu HDP, vývoj platobnej bilancie, priemyselnej produkcie, inflácie, exportu a importu v transformujúcich sa krajinách celkovo aj osobitne v roku 1997 a ich prognózy na ďalšie roky. Ozdravné hospodárske programy pripravované v ČR a Rumunsku. Spomalenie hospodárskeho rozv...

Descrizione completa

Salvato in:
Dettagli Bibliografici
Autore principale: Oberhauser, Ján Artur
Natura: Capitolo di libro
Lingua:slovacco
Soggetti:
Tags: Aggiungi Tag
Nessun Tag, puoi essere il primo ad aggiungerne!!

MARC

LEADER 00000naa a2200000 4500
001 r032833
005 20230824095335.0
041 0 |a slo 
044 |a SK 
245 1 0 |a K niektorým problémom ekonomického vývoja v tranzitívnych ekonomikách  |c Ján Artur Oberhauser 
520 |a Tempo hospodárskeho rastu, rastu HDP, vývoj platobnej bilancie, priemyselnej produkcie, inflácie, exportu a importu v transformujúcich sa krajinách celkovo aj osobitne v roku 1997 a ich prognózy na ďalšie roky. Ozdravné hospodárske programy pripravované v ČR a Rumunsku. Spomalenie hospodárskeho rozvoja v Bulharsku. 
610 2 0 |a rozvoj hospodársky 
610 2 0 |a situácia hospodárska 
610 2 0 |a produkt domáci hrubý 
610 2 0 |a produkcia 
610 2 0 |a inflácia 
610 2 0 |a bilancia platobná 
610 2 0 |a vývoz 
610 2 0 |a dovoz 
610 2 0 |a programy rozvojové 
610 2 0 |a transformácia 
610 2 0 |a SVE 
610 2 0 |a prognózy hospodárske 
100 1 |a Oberhauser, Ján Artur